000 00788nam a22002057a 4500
999 _c10781
_d10781
003 AR-CdUCM
008 190402b ||||| |||| 00| 0 spa d
040 _aMUNICIPALIDAD PROVINCIAL DEL CUSCO
_cBIBLIOTECA MUNICIPAL DEL CUSCO
082 _23 ed.
_a343.332 /
_bL22 / 1903
100 _aDe la Lama, Miguel Antonio
_927581
245 _aTexto derecho judicial :
_bCon formularios para los estudiantes de jurisprudencia /
260 _aLima :
_bGil,
_c1903.
300 _a174 paginas ;
_c20 cm.
505 _aContenido : Nociones generales -- Derecho procesal civil -- Personeros -- Depositarios, retenedores, e interventores -- testigos -- Procedimientos ...
650 _aDerecho
_9739
650 _aProcesal
_927005
650 _aCivil
_918612
942 _2ddc
_cLIBROS
945 _arah